000 01412nam a2200361 i 4500
003 DO-SdBNP
005 20240312110428.0
007 ta
008 240312s2000 dr abc 000 0 spa d
020 _a8482612344
040 _aDO-SdBNP
_bspa
_cBNPHU
_erda
082 4 _222
_bI58
100 1 _aInoa, Orlando
_95784
_eautor
245 1 0 _aSociedad 6 :
_beducación básica /
_cOrlando Inoa ; dirección editorial, Obdulia García de Escobar ; ilustración Ruddy Núñez, Frank Suárez ; fotografías Carlos Diez Polanco, Héctor Gálvez, Ricardo Briones, Roberto Cassá
264 1 _aSanto Domingo :
_bSantillana,
_c2000.
300 _a160 páginas
_bilustraciones, mapas, retratos
_c28 cm.
336 _2rdacontent
_atexto
_btxt
337 _2rdamedia
_asin mediación
_bn
338 _2rdacarrier
_avolumen
_bnc
490 _aUmbral
500 _aEducación básica.
500 _aLa biblioteca solamente posee el libro de texto.
590 _aInventariado, 2024/ YL
700 1 _aGarcía Escobar, Obdulia,
_edirección editorial
_929560
700 1 _aNúñez, Ruddy,
_eilustraciones
_923171
700 1 _aSuárez, Frank
_eilustraciones
_910209
700 1 _aDiez Polanco, Carlos
_efotografías
_929828
700 1 _aGálvez, Héctor
_efotografías
_985002
700 1 _aBriones, Ricardo
_efotografías
_929826
700 1 _aCassá, Roberto
_efotografías
_981564
910 _aYLockward
942 _2ddc
_cLBS1
999 _c56081
_d56081